Los principales argumentos en favor y en contra de la nacionalización bancaria /
Guardado en:
| Autor principal: | |
|---|---|
| Formato: | Texto |
| Materias: | |
| Etiquetas: |
Agregar Etiqueta
Sin Etiquetas, Sea el primero en etiquetar este registro!
|
MARC
| LEADER | 00000 a a2200000 04500 | ||
|---|---|---|---|
| 001 | 3085 | ||
| 003 | |||
| 040 | |||
| 100 | |a Meléndez Howell, Dennis | ||
| 245 | |a Los principales argumentos en favor y en contra de la nacionalización bancaria / |c Dennis Meléndez Howell | ||
| 650 | |a SISTEMAS BANCARIOS | ||
| 650 | |a NACIONALIZACION | ||
| 650 | |a EVALUACION | ||
| 650 | |a MODELOS ECONOMICOS | ||
| 650 | |a GOBIERNO | ||
| 773 | |g volumen 5, número 1; páginas 55-61 | ||
| 999 | |c 21512 |d 21512 | ||
